All Wrestling Promotions in the WWE Tape Library - Statistics

General Stats
  • This quiz has been taken 56 times
  • The average score is 7 of 24
Answer Stats
Answer Years Active % Correct
World Championship Wrestling 1988-1991
95%
Extreme Championship Wrestling 1992-2001
90%
American Wrestling Association 1933-1991
64%
World Class Championship Wrestling 1966-1988
59%
Florida Championship Wrestling 2007-2012
51%
Ohio Valley Wrestling 1999-2008
44%
Georgia Championship Wrestling 1944-1984
41%
Evolve 2010-2020
33%
Smoky Mountain Wrestling 1992-1995
31%
Universal Wrestling Federation 1950s-1987
28%
International Championship Wrestling 1978-1984
23%
Stampede Wrestling 1948-2008
21%
Memphis Championship Wrestling 2000-2001
18%
World Wrestling Council 1973-2018
18%
Championship Wrestling from Florida 1949-1987
15%
Heartland Wrestling Association 2001-2003
10%
Jim Crockett Promotions 1931-1988
10%
Central States Wrestling 1948-1984
8%
Global Wrestling Federation 1991-1994
8%
Deep South Wrestling 2005-2007
5%
Dragon Gate USA 2009-2015
5%
Maple Leaf Wrestling 1930-1984
5%
Ultimate Pro Wrestling 1999-2007
5%
Championship Wrestling from Georgia 1984-1985
3%
No matching quizzes found
Score Distribution
Percent of People with Each Score
Percentile by Number Answered
Your Score History
You have not taken this quiz